| 000 | 00868nac a22002531i 4500 | ||
|---|---|---|---|
| 003 | EG-ScBUE | ||
| 005 | 20240606085837.0 | ||
| 008 | 240606s1987 enkab f b 001 0 eng d | ||
| 020 | _a0714822000 | ||
| 040 |
_aEG-ScBUE _beng _erda _cEG-ScBUE _dEG-ScBUE |
||
| 082 | 0 | 4 |
_a911.17671 _222 _bROB |
| 100 | 1 |
_aRobinson, Francis, _eauthor. |
|
| 245 | 1 | 0 |
_aAtlas of the Islamic World since 1500 / _cby Francis Robinson. |
| 250 | _aReprint edition. | ||
| 264 | 1 |
_aOxford : _bEquinox Book, _c1987. |
|
| 300 |
_a238 pages : _billustrations (some color), color maps ; _c31 cm |
||
| 336 |
_2rdacontent _atext _btxt |
||
| 337 |
_aunmediated _2rdamedia _bn |
||
| 338 |
_avolume _bnc _2rdacarrier |
||
| 504 | _aIncludes bibliographical references and index. | ||
| 651 | 0 |
_aIslamic countries _xHistorical geography _xMaps. _2BUEsh |
|
| 655 | _vReading book | ||
| 942 |
_cBB _2ddc |
||
| 999 |
_c7111 _d7111 |
||